MARC

LEADER 00000nam0a2200000 4500
001 76957
005 20231031092013.0
035 |a (RuTPU)RU\TPU\book\82521 
090 |a 76957 
100 |a 20050507d1989 k y0rusy50 ca 
101 0 |a rus 
102 |a RU 
105 |a a z 001zy 
200 1 |a Геология и ресурсы горючих ископаемых Европейского севера СССР  |f Академия наук СССР (АН СССР), Уральское отделение (УрО), Коми научный центр (КомиНЦ) ; под ред. В. А. Дедеева , Л. З. Аминова 
210 |a Сыктывкар  |c Изд-во Коми фил-л АН СССР  |d 1989 
215 |a 132 с.  |c ил. 
225 1 |a Труды института геологии Коми НЦ УрО АН СССР  |v Вып. 69 
320 |a Библиогр. в конце статей 
610 1 |a полезные ископаемые 
610 1 |a геология 
610 1 |a горючие полезные ископаемые 
610 1 |a ресурсы 
610 1 |a Печорский нефтегазоносный бассейн 
610 1 |a СССР 
610 1 |a Европейский Север 
675 |a 55  |v 3 
675 |a 553.9  |v 3 
702 1 |a Дедеев  |b В. А.  |4 340 
702 1 |a Аминов  |b Л. З.  |4 340 
712 0 2 |a Академия наук СССР (АН СССР)  |b Уральское отделение (УрО)  |b Коми научный центр (КомиНЦ)  |c (Сыктывкар)  |c (1987-1991)  |2 stltpush  |3 (RuTPU)RU\TPU\col\18303 
801 1 |a RU  |b 63413507  |c 20050507  |g PSBO 
801 2 |a RU  |b 63413507  |c 20150317  |g PSBO 
942 |c BK